000 00550nam a2200217Ia 4500
003 OSt
005 20220928141044.0
006 a|||||r|||| 00| 0
007 ta
008 220927b |||||||| |||| 00| 0 eng d
024 _a13236
037 _cTextual
040 _aSDCL
_cSDCL
_beng
041 _2eng
_aeng
082 _aV1'A, L2
100 _aPathak Sushil Madhav
_9498768
245 0 _aVishav ke prachin sabaytayo ka ithihas
260 _c1972
942 _hV1'A, L2
_cTEXL
_2CC
999 _c815645
_d815645